|
|
|
|
| LEADER |
00000cam a22000002c 4500 |
| 001 |
1840061979 |
| 003 |
DE-627 |
| 005 |
20250706105002.0 |
| 007 |
cr uuu---uuuuu |
| 008 |
230324s2003 xx |||||o 00| ||eng c |
| 024 |
7 |
|
|a 10.3886/ICPSR03686.v1
|2 doi
|
| 035 |
|
|
|a (DE-627)1840061979
|
| 035 |
|
|
|a (DE-599)KXP1840061979
|
| 040 |
|
|
|a DE-627
|b ger
|c DE-627
|e rda
|
| 041 |
|
|
|a eng
|
| 084 |
|
|
|a 2,1
|2 ssgn
|
| 110 |
2 |
|
|a United Nations Office at Vienna. Crime Prevention and Criminal Justice Branch
|e VerfasserIn
|4 aut
|
| 245 |
1 |
0 |
|a United Nations World Crime Surveys: Fifth Survey, 1990-1994
|
| 264 |
|
1 |
|a [Erscheinungsort nicht ermittelbar]
|b [Verlag nicht ermittelbar]
|c 2003
|
| 336 |
|
|
|a Text
|b txt
|2 rdacontent
|
| 337 |
|
|
|a Computermedien
|b c
|2 rdamedia
|
| 338 |
|
|
|a Online-Ressource
|b cr
|2 rdacarrier
|
| 520 |
|
|
|a The Fifth United Nations Survey, covering the years 1990-1994, was designed to collect data on the incidence of reported crime and the operation of criminal justice systems with a view to improving the dissemination of that information globally. To that end, the survey facilitates an overview of trends and interrelationships among various parts of the criminal justice system to promote informed decision-making in its administration, nationally and crossnationally. Variables describe combined police and prosecution expenditure by year and by country, number of police personnel by gender, total number of homicides by country and by city, number of assaults, rapes, robberies, thefts, burglaries, frauds, and embezzlements, amount of drug crime, number of people formally charged with crime, age of suspects, number and gender of prosecutors, number of individuals prosecuted and the types of crimes prosecuted, gender and age of individuals prosecuted, types of courts, number of individuals convicted and acquitted, numbers sentenced to capital punishment and various other punishments, number of convictions on various charges, number of individuals sentenced and in detention, number of prisoners, sentence lengths, and prison demographics.
|
| 540 |
|
|
|a ICPSR Terms of Use
|
| 650 |
|
4 |
|a Assault
|
| 650 |
|
4 |
|a Burglary
|
| 650 |
|
4 |
|a Capital Punishment
|
| 650 |
|
4 |
|a convictions (law)
|
| 650 |
|
4 |
|a Crime
|
| 650 |
|
4 |
|a crime patterns
|
| 650 |
|
4 |
|a Crime rates
|
| 650 |
|
4 |
|a Crime reporting
|
| 650 |
|
4 |
|a Crime Statistics
|
| 650 |
|
4 |
|a CRIMINAL justice system
|
| 650 |
|
4 |
|a drug related crimes
|
| 650 |
|
4 |
|a embezzlement
|
| 650 |
|
4 |
|a Fraud
|
| 650 |
|
4 |
|a Homicide
|
| 650 |
|
4 |
|a international crime statistics
|
| 650 |
|
4 |
|a Larceny
|
| 650 |
|
4 |
|a Law Enforcement
|
| 650 |
|
4 |
|a Police
|
| 650 |
|
4 |
|a prosecuting attorneys
|
| 650 |
|
4 |
|a Prosecution
|
| 650 |
|
4 |
|a Rape
|
| 650 |
|
4 |
|a rape statistics
|
| 650 |
|
4 |
|a Robbery
|
| 650 |
|
4 |
|a Sentencing
|
| 655 |
|
7 |
|a Forschungsdaten
|0 (DE-588)1098579690
|0 (DE-627)857755366
|0 (DE-576)469182156
|2 gnd-content
|
| 787 |
0 |
8 |
|i Forschungsdaten zu
|a Stamatel, Janet P.
|t The 'Americanization' of juvenile delinquency? A comparison of Hungary, Poland, and the US
|d 1998
|w (DE-627)1912455544
|
| 787 |
0 |
8 |
|i Forschungsdaten zu
|a Santos, Mateus R.
|t The contribution of age structure to the international homicide decline
|d 2019
|w (DE-627)1912491974
|
| 787 |
0 |
8 |
|i Forschungsdaten zu
|a Stack, Steven
|t Crime volume and law and order culture
|d 2007
|w (DE-627)1912500043
|
| 787 |
0 |
8 |
|i Forschungsdaten zu
|a Van Horne, Sheryl
|t Drug Offenders in the Global Criminal Justice System
|d The European Institute for Crime Prevention and Control, 1999
|w (DE-627)1912522888
|
| 787 |
0 |
8 |
|i Forschungsdaten zu
|a Friday, Paul C.
|t Globalization and the impact on crime, corruption and justice
|d 2009
|w (DE-627)1912568322
|
| 787 |
0 |
8 |
|i Forschungsdaten zu
|a Buvinić, Mayra
|t Living in a more violent world
|d 2000
|w (DE-627)1912610655
|
| 787 |
0 |
8 |
|i Forschungsdaten zu
|a Marshall, Ineke Haen
|t Maximizing the availability of cross-national data on homicide
|d 2004
|w (DE-627)1912617544
|
| 787 |
0 |
8 |
|i Forschungsdaten zu
|a Maguire, Edward R.
|t Measuring the performance of national criminal justice systems
|d 1998
|w (DE-627)1912619075
|
| 787 |
0 |
8 |
|i Forschungsdaten zu
|a Adler, Freda, 1934 -
|t Our American society of criminology, the world, and the state of the art: The American society of criminology 1995 presidential address
|d 1996
|w (DE-627)1912642891
|
| 787 |
0 |
8 |
|i Forschungsdaten zu
|a Van Dijk, Jan, 1947 -
|t Piecing together the cross-national crime puzzle
|d 2000
|w (DE-627)1912650827
|
| 787 |
0 |
8 |
|i Forschungsdaten zu
|a Shinkai, Hiroyuki
|t Punishment
|d Oxford University Press, 1999
|w (DE-627)1912671050
|
| 787 |
0 |
8 |
|i Forschungsdaten zu
|a Kutnjak Ivković, Sanja, 1965 -
|t To serve and collect: Measuring police corruption
|d 2003
|w (DE-627)1912726122
|
| 856 |
4 |
0 |
|u https://doi.org/10.3886/ICPSR03686.v1
|x Resolving-System
|z kostenfrei
|3 Volltext
|7 0
|
| 935 |
|
|
|a mkri
|
| 951 |
|
|
|a BO
|
| ELC |
|
|
|a 1
|
| LOK |
|
|
|0 000 xxxxxcx a22 zn 4500
|
| LOK |
|
|
|0 001 429680961X
|
| LOK |
|
|
|0 003 DE-627
|
| LOK |
|
|
|0 004 1840061979
|
| LOK |
|
|
|0 005 20230324125312
|
| LOK |
|
|
|0 008 230324||||||||||||||||ger|||||||
|
| LOK |
|
|
|0 035
|a (DE-2619)ICPSR3686
|
| LOK |
|
|
|0 040
|a DE-2619
|c DE-627
|d DE-2619
|
| LOK |
|
|
|0 092
|o n
|
| LOK |
|
|
|0 852
|a DE-2619
|
| LOK |
|
|
|0 852 1
|9 00
|
| LOK |
|
|
|0 935
|a foda
|a nacj
|
| LOK |
|
|
|0 939
|a 24-03-23
|b l01
|
| OAS |
|
|
|a 1
|
| ORI |
|
|
|a SA-MARC-krimdoka001.raw
|